| 000 | 00473nam a22001817a 4500 | ||
|---|---|---|---|
| 003 | CEME | ||
| 005 | 20210628205024.0 | ||
| 008 | 210203b xxu||||| |||| 00| 0 eng d | ||
| 020 | _a18-4200054-3 | ||
| 040 | _c. | ||
| 082 | _a297 HAR | ||
| 100 |
_aHarun Yahya, Yahya, Harun _973463 |
||
| 245 | _a24 hours in the life of a muslim | ||
| 260 |
_aLONDON _bTA-HA PUBLISHERS _c2002 |
||
| 300 | _a168P | ||
| 650 |
_a24 HOURS IN THE LIFE OF A MUSLIM _973464 |
||
| 942 |
_cBK _2ddc |
||
| 999 |
_c579200 _d579200 |
||